[Event "Poikovsky Karpov 03rd"]
[Site "Poikovsky"]
[Date "2002.04.16"]
[Round "1"]
[White "Dreev, Alexey"]
[Black "Obodchuk, Andrei"]
[Result "1-0"]
[WhiteElo "2677"]
[BlackElo "2435"]
[Annotator "Kapengut"]
[PlyCount "119"]
[EventDate "2002.04.16"]
[EventType "tourn"]
[EventRounds "9"]
[EventCountry "RUS"]
[EventCategory "16"]
[SourceTitle "CBM 089"]
[Source "ChessBase"]
[SourceDate "2002.08.12"]
[SourceVersion "1"]
[SourceVersionDate "2002.08.12"]
[SourceQuality "1"]

1. d4 Nf6 2. c4 g6 3. Nc3 Bg7 4. e4 d6 5. f3 O-O 6. Nge2 c5 7. d5 e6 8. Ng3
exd5 9. cxd5 h5 {Now we basically consider the treatment of the variant by the
well-known Russian Grandmaster Alexey Dreev, who made a big contribution to
the variant's development. According to his style, White should not hurry to
define the location of their black square's bishop and have to move the King's
knight to square "g3" first, provoking the aggressive march of the "h" pawn
h7-h5-h4 early by this manouevre. At the same time, White refrain from the
time-saving manouevre Ng1-h3-f2 because the opponent can prevent it. Most
often, the critical positions of the variant appear with the inclusion of the
moves 6.Bg5 h6 7.Be3. (In the frames of this game, all of the move orders are
leveled by the reaching of the final critical position of the variant). On
their own turn, Black try to provide the plan with f7-f5 as early as possible
and do not waste the tempi for generally useful moves like Re8 or Nbd7. The
most definitive element of Dreev's plan is the one where the White do not
hurry to make the standard move Qd2, keeping the square "d2" free for the
eventual Knight's manouevre Nf3-d2-c4. As it was proved by the theory and
practice of Modern Benoni, the Knight's position on c4 is the most effective
position for the upcoming play. The Queen at the starting position is also
useful for the plan, with the breakthrough f3-f4 and e4-e5 because it controls
the "g4" square.} 10. Be2 Nh7 ({Worse is} 10... h4 $6 11. Nf1 Nh7 {because
after} 12. Ne3 {white stay better} a6 13. a4 f5 $5 ({The failure of the active
plan on the King's flank results black in the passive position:} 13... Re8 14.
O-O Nd7 15. Kh1 Rb8 16. Bd2 Qe7 17. Qc2 Bd4 18. Rae1 Qf8 19. f4 Ndf6 20. Bf3 b5
21. axb5 axb5 22. Ncd1 Qh6 23. e5 Nh5 24. Ng4 Qg7 25. e6 f5 26. Ngf2 N7f6 27.
Nh3 Bb7 28. Be3 Bxd5 29. Bxd4 cxd4 30. Bxd5 Nxd5 31. Qb3 $40 {Gallagher,
J-Jenni,F/It, Biel SUI 1998}) 14. Nc4 Bd4 ({With the plan of blockade white's
knight on c4 creates for black big problems:} 14... f4 $6 15. Bd3 Qg5 ({
More essentially} 15... h3 $5 16. g3 fxg3 17. hxg3 Nd7 $5 18. f4 Ndf6 {but
after} 19. e5 $5 {White stand better.}) 16. Qe2 Rd8 17. Bd2 Ra7 18. Kd1 Be5 19.
Kc2 Qe7 20. g3 fxg3 21. Nxe5 dxe5 22. hxg3 h3 23. g4 b5 24. axb5 axb5 25. Rxa7
Qxa7 26. Bxb5 Na6 27. Rxh3 Nb4+ 28. Kd1 Bd7 29. Bc4 $18 {Bricard,E-Ballester
Sanz,J/Brussels zt 1993}) 15. Bd2 Ng5 16. Qc1 Nf7 17. Be3 Nd7 18. Qd2 Bxc3 $6 (
{It is better to continue to support power at centre} 18... Qf6 $5) 19. bxc3
fxe4 20. fxe4 Nf6 21. Bd3 Qe7 22. O-O Ng4 23. e5 $5 Nfxe5 24. Rxf8+ Qxf8 25.
Rf1 Bf5 26. Nxe5 Nxe5 27. Bh6 Qf7 28. Bxf5 gxf5 29. Qg5+ $16 {Balashov,Y
-Avrukh,B/ Kurgan 1994}) 11. Be3 h4 12. Nf1 f5 13. exf5 Bxf5 (13... gxf5 {
-Dreev,A-Radjabov,T/Dubai UAE 2002}) 14. Bf2 b5 15. a3 ({Very risky} 15. Bxb5
$6 Qa5 16. Qb3 h3 17. Nd2 hxg2 18. Rg1 Nd7 19. Nc4 Qb4 20. Rxg2 Ne5 $44) 15...
a6 16. Ne3 Ra7 $146 (16... Nd7 17. g4 hxg3 18. hxg3 c4 19. Nxf5 gxf5 20. Kf1
Qf6 (20... Nc5 $5 {[%csl Rb3] deserved attention} 21. Qc2 {[%csl Rf5][%cal
Gc2h7,Gh1h7]} Ra7 {[%cal Ga7e7,Ga7f7,Ga7h7]} 22. Kg2 Re7 23. Rae1 Qc8 $132) 21.
f4 Rac8 ({It is better} 21... Rfe8 {[%csl Gf8]} 22. Qc2 Re7 (22... Nhf8 $2 23.
Rh5 $16 {[%csl Rf5]}) 23. g4 $36 Qf7 {[%csl Rd5,Rg4]} 24. Qxf5 Qxf5 25. gxf5
Rf8 26. Re1 $14) 22. Bxc4 bxc4 23. Qh5 Rb8 24. Re1 Rxb2 25. Qxh7+ Kf7 26. Qh5+
Kg8 27. Nd1 Rd2 (27... c3 28. Qh7+ Kf7 29. Rh5 $18) 28. Ne3 Rf7 29. Nxc4 Rxd5
30. Qf3 Rb5 31. Rd1 d5 (31... Bf8 $2 32. Bd4 $18) 32. a4 $1 $16 {Dreev,
A-Tkachiev,V/Shanghai 2001}) ({It is better for white} 16... Qg5 $6 17. Qd2 Bd4
(17... Ra7 18. Nxf5 Rxf5 19. Qxg5 Nxg5 20. Bxh4 Bxc3+ 21. bxc3 Rh7 22. Bg3 Rxd5
23. c4 $16 {^^}) 18. O-O-O Bxe3 19. Bxe3 Qe7 20. Bh6 Rf7 21. g4 hxg3 22. hxg3
b4 23. Nb1 $14) ({but it is more interesting} 16... Bd4 $5 {for example} 17.
Qd2 Qf6 18. Nxf5 Bxf2+ 19. Kxf2 gxf5 20. Rae1 Nd7 $132) 17. O-O Raf7 $6 $14 (
17... h3 $5 18. g3 Re7 19. Nxf5 gxf5 20. f4 Nd7 21. Re1 Nb6 22. Qc2 Bxc3 $5 (
22... Bd4 23. Bd3 {[%csl Rf5]} Rfe8 {[%csl Rg1][%cal Gd4g1,Ge7e1]} 24. Rxe7
Qxe7 25. Rf1 Nf6 26. Bxf5 Bxf2+ 27. Qxf2 Nbxd5 28. Nxd5 Nxd5 29. Bxh3 Ne3 30.
Re1 d5 $44) 23. bxc3 Nf6 (23... Nxd5 $6 24. c4 $14) 24. Qxf5 Nfxd5 25. Qxh3 Rg7
{[%csl Rf4]} 26. Qe6+ Kh8 $132 {[%csl Rc3,Rf4]} 27. Bd3 Nxf4 28. Qh6+ Kg8 29.
Be4 Qf6 30. Qxf6 Rxf6 31. Be3 d5 $132) 18. Nxf5 gxf5 19. f4 {[%csl Rf7][%cal
Ge2h5]} Bh6 20. Bh5 Rg7 21. Qf3 h3 22. g3 Nf6 23. Kh1 Nbd7 24. Rae1 {[%csl Ge6]
} Nb6 (24... Ng4 25. Re6 Ndf6 26. Bxg4 Nxg4 27. b4 $16) 25. Qe2 Kh8 $6 (25...
Nxh5 26. Qxh5 Rh7 27. Qf3 Bg7 28. Re2 (28. Re6 Nc4 $132) 28... Qa8 {[%csl Rd5]
[%cal Gg7c3]} 29. Rd1 Rh6 $132) 26. Bf3 Ng8 27. b4 $16 Re7 28. Qd3 c4 29. Qc2
Bg7 30. Ne2 $1 {[%csl Rf5][%cal Ge2d4,Gd4c6,Gd4e6,Gd4f5]} Nf6 31. Qxf5 Ne4 32.
Qxh3+ Kg8 33. Bg4 $18 Rf6 34. Bd4 $6 (34. Be6+ $1 Rfxe6 $5 35. dxe6 Nd2 36. Nd4
Qa8+ 37. Qg2 Nxf1 38. Nf5 $1 $18) 34... Rh6 35. Qg2 Nxd5 36. Bxg7 Ne3 37. Bxh6
$5 (37. Qf3 $140 $6 Rxh2+ 38. Kxh2 Nd2 $14) 37... Nxg2 38. Kxg2 Nd2 39. Rf2
Qa8+ 40. Kg1 Qa7 41. Bg5 Re3 $6 (41... Ne4 42. Ref1 Nxf2 43. Rxf2 Re3 $16) 42.
Bf6 {[%cal Gf6d4]} Nb3 43. f5 d5 44. Bg5 Re5 45. Bf4 Re8 46. Bh5 Rf8 47. Bd6
Rxf5 48. Nf4 Qb6 49. Re8+ Kg7 50. Ne6+ Kf6 51. Rf8+ (51. Be5+ Kxe5 52. Ng7+ $18
) 51... Kxe6 52. R8xf5 $18 Qd4 53. Bf7+ Kxd6 54. Rxd5+ Qxd5 55. Bxd5 Kxd5 56.
Kf1 c3 57. Ke1 Kc4 58. Kd1 Na1 59. g4 Kb3 60. g5 1-0

[Event "Bundesliga 0102"]
[Site "Germany"]
[Date "2002.04.27"]
[Round "14.7"]
[White "Kuraszkiewicz, Michael"]
[Black "Heissler, Jakob"]
[Result "0-1"]
[WhiteElo "2350"]
[BlackElo "2437"]
[Annotator "Kapengut"]
[PlyCount "78"]
[EventDate "2001.10.06"]
[EventType "team-tourn"]
[EventRounds "15"]
[EventCountry "GER"]
[SourceTitle "CBM 089"]
[Source "ChessBase"]
[SourceDate "2002.08.12"]
[SourceVersion "1"]
[SourceVersionDate "2002.08.12"]
[SourceQuality "1"]
[WhiteTeam "Koenig Plauen"]
[BlackTeam "Werder Bremen"]
[WhiteTeamCountry "GER"]
[BlackTeamCountry "GER"]

1. d4 Nf6 2. c4 d6 3. Nc3 g6 4. e4 Bg7 5. f3 O-O 6. Bg5 c5 7. d5 e6 8. Qd2 exd5
9. cxd5 a6 10. a4 h6 11. Be3 Re8 12. Nge2 Nbd7 13. Ng3 h5 14. Be2 Nh7 15. O-O
h4 16. Nh1 f5 17. Nf2 Ne5 {[#]It is the popular main line these days with a
complex middlegame position.} 18. Rfe1 ({It is the wrong place for a rook} 18.
Rad1 $6 Bd7 19. exf5 (19. f4 Nf7 $132) 19... gxf5 20. Nh3 {[%csl Re6][%cal
Gh3f4,Gf4e6]} Ng6 21. Bh6 Be5 (21... Bd4+ $5 22. Kh1 Qf6 $36) 22. Bd3 Qf6 23.
Qc2 Rab8 24. f4 Bd4+ 25. Kh1 b5 26. axb5 axb5 27. Bg5 Qf7 {[%csl Rd5]} 28. Ra1
c4 29. Be2 b4 30. Nd1 c3 31. bxc3 bxc3 32. Ra3 Rxe2 $1 {0-1 Polaczek,R-Roeder,
M 1993 /\33.Qe2 Bb5 -+}) (18. Kh1 {The king avoids possible tactics along the
diagonal and prepares the opening of the g-file.} Rb8 (18... Bd7 19. exf5 (19.
Rae1 Rc8 20. exf5 Bxf5 21. Nfe4 Nf7 22. Bd3 Ne5 23. Be2 Nf7 24. Bd3 Ne5 25. Be2
{1/2-1/2 Nicoara,M-Sziva,E/Zone 1999}) 19... Bxf5 (19... gxf5 {In my article
in "New in chess" Yearbook 39/183 I had recommended} 20. Rg1 ({After} 20. Nh3 {
a draw was agreed in Dorfman-Georgiev,Ki, Bourgas,1992. One year later
Vyzmanavin,A-Georgiev,Ki,Elenite 1993 went} Ng6 21. Rfe1 Qf6 22. f4 Re7 ({
An attempt to get freedom by a pawn sacrifice doesn't fit} 22... b5 $6 23. axb5
axb5 24. Rxa8 Rxa8 25. Bxb5 Bxb5 26. Nxb5 {Taborov,B-Nikolaev,L/Kiev 2000} Qxb2
27. Qxb2 Bxb2 28. Nxd6 Nf6 29. Rd1 Bd4 30. Bxd4 cxd4 31. Nxf5 Nxd5 32. Nxd4
Ngxf4 $14) 23. Bh5 Bh6 24. Bf2 Rae8 (24... Rg7 25. Re2 Re8 26. Rxe8+ Bxe8 27.
Re1 Bd7 28. a5 Qd8 29. Bxg6 Rxg6 30. Qe2 Qxa5 31. Qe7 Nf8 32. Bxh4 Qb4 $13) 25.
Bxg6 Qxg6 26. Bxh4 Rxe1+ 27. Rxe1 b5 28. axb5 axb5 $44 {59/(99 ) Vyzmanavin,A})
20... Qf6 21. g3 hxg3 22. Rxg3 Re7 23. Rag1 Kh8 24. Rh3 {/\Bg5} f4 $140 (24...
Nf7 25. Bd3 {/\Ng4}) 25. Nce4 $1 Qf8 (25... fxe3 $6 26. Nxf6 Bxh3 27. Qc2 $1 (
27. Qxe3 $4 Ng4 $19) 27... Nxf6 28. Nxh3 Nxd5 29. Ng5 Bh6 30. Qf5 $18) 26.
Rxh7+ Kxh7 27. Bxf4 $44) 20. Nfe4 Rc8 21. Bh6 Bh8 22. g4 hxg3 23. Nxg3 Qd7 (
23... Bh3 24. Rg1 Qh4 {/\g5} 25. Nce4 Nf7 26. Be3 Re7 $14 {/}) 24. Nce4 Nf7 25.
Bf4 Nf6 26. Bd3 Nxe4 27. fxe4 Bg4 28. Be2 Ne5 29. Ra3 Rf8 30. Bxg4 Qxg4 31. Nf5
$1 $16 {Fauland,A-Schumi,M/OST-ch 1993}) (18... Qf6 19. Rae1 Bd7 20. f4 Nf7 21.
e5 dxe5 22. fxe5 Qxe5 23. Bxc5 Bh6 24. Qd1 Qc7 25. Nd3 Bf8 (25... Nf6 26. Bd4
Ne4 27. Nxe4 fxe4 28. Nc5 $14) (25... Nhg5) 26. Bxf8 Nxf8 {1/2-1/2 Lutsko,
I-Smetankin,S/Minsk 2001}) 19. Rg1 (19. a5 b5 20. axb6 Rxb6 21. Na4 Rb4 $11 {
BelovI}) 19... Rf8 $5 (19... Kh8 20. g3 b5 21. axb5 axb5 22. gxh4 (22. Nxb5
$140 $6 Nxf3 $1 23. Bxf3 Rxb5 24. Ra2 Rb4 $15) 22... Qxh4 23. Rg3 (23. Nxb5 $2
Rxb5 24. Bxb5 Nxf3 $19) (23. f4 b4 24. Ncd1 (24. fxe5 $2 bxc3 25. bxc3 Bxe5 26.
Rg2 f4 $19) 24... Nf7 $5) 23... b4 24. Ncd1 (24. Nb5 f4 25. Bxf4 Rf8 26. Bxe5
Bxe5 $44) 24... Bd7 (24... Rb7 $5) (24... fxe4 $5 25. Nxe4 Ng4 26. fxg4 Rxe4
$17) (24... Qf6 {<->f,><b2}) 25. f4 Ng4 (25... Nf7 $5 26. Rxg6 Nf8 27. Rg3 fxe4
$13) 26. Nxg4 fxg4 27. Ra7 Rbd8 (27... Nf6 $5 28. Nf2 Rbd8 $13) 28. Rxd7 $1
Rxd7 29. Bxg4 $16 {Vyzmanavin,A-Georgiev,Ki,Groningen 59/99 Vyzmanavin,A 1993 
(30)}) 20. f4 $5 (20. exf5 Bxf5 21. g4 (21. Nfe4 h3 22. g3 Bxe4 23. fxe4 Nf3
24. Bxf3 Rxf3 $15) 21... hxg3 22. hxg3 (22. Rxg3 $5) 22... b5 $1 (22... Qe7 23.
f4 $5 Nf7 24. g4 Bd7 25. Rg3 $36) 23. axb5 axb5 24. Kg2 (24. Nxb5 $6 Rxb5 25.
Bxb5 Nxf3 $17) 24... Qe7 $15 25. Bh6 $6 (25. Nxb5 Nxf3 $1 $36) (25. Nce4 $5) (
25. g4 Bd3 $1 26. Bxd3 Nxf3 27. Qe2 Bxc3 28. bxc3 Rbe8 $44) (25. f4 Nc4 26.
Bxc4 bxc4) (25. Rh1 $5) 25... b4 26. Bxg7 Kxg7 (26... bxc3 $2 27. Bxf8) 27.
Ncd1 (27. Nce4 Bxe4 28. Nxe4 Nxf3 29. Bxf3 Rxf3 30. Kxf3 Rf8+ 31. Ke3 Re8 $1
32. Qd3 Nf6 $44) 27... Ng5 $1 28. f4 (28. Rh1) 28... Ne4 29. Qe3 Nxf2 30. Nxf2
(30. Kxf2 Rbe8 31. fxe5 Qxe5 32. Qxe5+ Rxe5) 30... Nc6 $8 31. Qxe7+ Nxe7 $17 {
Gulko,B-Polgar,J/Yerevan (ol) 1996/Inf 67/[Polgar,J]}) (20. g3 $6 fxe4 $36)
20... Nf7 21. g4 $5 fxe4 (21... hxg3 $140 $2 22. Rxg3 $40) 22. Ncxe4 Re8 23.
Bd3 b5 24. axb5 axb5 25. f5 $5 (25. Ra2 $6 Qd7 26. Rga1 Bb7 $15 {[%csl Rd5]
[%cal Gb7h1] Brueckel,G-Goins,D/IECG 1998}) 25... gxf5 26. gxf5 Bxf5 27. Nxc5
Qf6 28. Raf1 dxc5 29. Ng4 $40) (18. h3 Qf6 ({In Martynov,P-Apicella,M,Val
Maubue op 1990he position after} 18... Qa5 19. Rfe1 {was reached by
transposition. The game continued} Bd7 20. Qc2 Rf8 21. Nd3 Nc4 22. Bc1 Bd4+ {
1/2-1/2.}) ({There was also an analogous situation in Yusupov,A-Kovacevic,S,
Oviedo 25' 1993, where the moves} 18... Rb8 {The position after} 19. Rac1 (19.
Rae1 {were included,} {but Black should have considered} b5 $5 ({The
continuation was} 19... Bd7 $6 20. f4 Nf7 21. Bd3 b5 22. axb5 axb5 23. b4 c4
24. Bc2 Ra8 25. Bd4 Bh6 26. exf5 gxf5 27. Re6 $1 $16) 20. axb5 axb5 21. Bxb5 (
21. Nxb5 $2 Ba6) 21... Rxb5 22. Nxb5 Ba6 23. Nc3 Bxf1 24. Kxf1 Nc4 25. Qc1
Nxe3+ 26. Qxe3 Qb6 $44) 19... Qe7 {was reached in Cebalo,M- Etchegaray,P,
Cannes op 1995} 20. Rfe1 Bd7 (20... g5 $5 21. f4 gxf4 22. Bxf4 Qf7 $132) 21.
Bf1 Qf6 (21... b5 22. axb5 axb5 23. exf5 gxf5 24. f4 Ng6 25. Bxc5 $16) 22. a5
b5 $6 23. axb6 Rxb6 24. f4 Nf7 25. e5 $1 dxe5 26. Bxc5 Rbb8 27. d6 exf4 28. Nd5
$16 {.}) ({The position after} 18... Bd7 19. f4 Nf7 {was reached in Fuhrmann,
D-Ahner,A/2.BLO 1996} 20. Bd3 Nf6 21. Rae1 Nh5 22. exf5 gxf5 23. Nh1 Rxe3 24.
Rxe3 Bd4 25. Kh2 Bxe3 26. Qxe3 Qf6 27. Qf3 Qh6 28. g4 hxg3+ 29. Nxg3 Nxg3 30.
Qxg3+ Kf8 {1/2-1/2.}) 19. Rae1 Bd7 20. a5 (20. f4 $5 Nf7 21. Bd3 {leads to a
position from Hoeksema - Shneider with the difference that White had played
Rae1, and Black b6.}) ({The position after} 20. exf5 gxf5 {was reached in Bali,
J-Kecskes,G/Budapest Furdo 1995} 21. f4 Ng6 22. Bc4 Rab8 23. a5 b5 $5 24. axb6
Rxb6 25. Nd3 a5 26. Bf2 Reb8 27. Re2 Rxb2 $5 28. Nxb2 Qxc3 29. Qxc3 Bxc3 30.
Nd1 Bg7 31. Be1 Bd4+ 32. Kh2 a4 $44 {.}) {Controversial is} 20... g5 $5 (20...
Re7 $6 21. f4 Nf7 22. e5 $5 dxe5 {White should have considered} 23. Bxc5 $5 (
23. fxe5 Qxe5 24. Bxc5 Bh6 $1 25. Qd1 Ree8 26. Bf3 (26. Bxa6 $2 Qc7) 26... Qg3
27. Nh1 Qc7 28. Bb6 Qd6 29. Nf2 Nhg5 30. Nd3 Qg3 31. Ne2 Rxe2 $5 $40 {Guilian.
P-Plaskett.J,British Ch. 1988}) 23... Ree8 (23... Nd6 24. fxe5 Qxe5 25. Nd3 Qg3
26. Qf4 $16) 24. fxe5 Qxe5 (24... Nxe5 25. Nfe4 $16) 25. Bh5 $1 $16) 21. f4 $5
gxf4 22. Bxf4 Ng6 23. Bh5 (23. Bh2 Qd4 24. Qxd4 cxd4 25. exf5 Bxf5 26. Na4 Ne5
$13) 23... Nxf4 24. Qxf4 (24. Bxe8 Bh6 $1 25. Bxd7 $1 Nxh3+ 26. Nxh3 Bxd2 27.
Re2 Qd4+ 28. Kh1 fxe4 29. Rxe4 Bxc3 $1 30. Rxd4 Bxd4 31. Be6+ Kh8 32. Rf7 Rf8
33. Rxf8+ Nxf8 34. Bc8 Bxb2 35. Bxb7 Bc3 $17) 24... Bh6 25. Qf3 Re5 26. exf5
Rxf5 27. Qg4+ Kh8 28. Nce4 Rxf2 29. Rxf2 (29. Qxd7 $2 Rxf1+ 30. Rxf1 Be3+) (29.
Nxf6 Rxf1+ 30. Rxf1 Bxg4 31. Nxg4 Bg7 $11) 29... Qxf2+ 30. Nxf2 Bxg4 31. Nxg4
Bg7 32. Re7 Rf8 33. Rxb7 (33. Bg6 $6 Ng5 34. Rxb7 Bd4+ 35. Kh2 Rf1 $17) 33...
Bd4+ 34. Kh2 Nf6 $44) (18. Rae1 Bd7 (18... Rb8 19. f4 Nf7 20. Bd3 Nf6 $11) 19.
exf5 gxf5 20. Kh1 Qf6 21. Nh3 $5 Ng6 22. f4 Re7 23. a5 Rae8 24. Bh5 Bb5 25. Rg1
Nhf8 26. Ng5 {Benitah,Y-Al Modiahki,M/18th op A, Cannes FRA 1997} Bc4 $5 {
/\26...b5 27.ab6 Rb8<=>}) (18. a5 Nf7 19. Bd1 (19. Na4 $5 {[%csl Rb6]} b5 20.
axb6 g5 21. exf5 Bxf5 22. Ra3 $16 {[%csl Gb6,Re3][%cal Ga3b3]}) 19... b5 20.
axb6 Qxb6 21. Rb1 {[%csl Rb6][%cal Gb2b4,Ge3b6]} Ne5 22. Be2 Qc7 $6 (22... a5
$5 23. f4 Nd7 $5 24. Bd3 fxe4 25. Bxe4 Ndf8 $132 {[%cal Gb6g1,Gg7b2,Ge8e3]})
23. Rfc1 Qe7 24. b4 $1 g5 25. Qd1 f4 {[%csl Ge5]} 26. Bd2 cxb4 27. Rxb4 Rf8 $6
(27... Qa7 $14 {[%cal Ga7g1]}) 28. Na4 g4 29. Nb6 gxf3 30. gxf3 Rb8 31. Nxc8
Rbxc8 32. Rxc8 Rxc8 33. Bxf4 $16 {[%csl Ra6,Rd6,Rh4] Bischoff,K-Troyke,C,
Dresden op 1994}) 18... b6 (18... Rf8 $6 19. f4 Nf7 20. e5 $1 dxe5 21. Bxc5 Re8
22. Rad1 $6 (22. d6 $5 b6 23. Ba3 Be6 24. Nd5 $36 {would have yielded better
chances.}) 22... exf4 23. d6 b6 24. Bf3 Rxe1+ 25. Qxe1 Ra7 26. Ba3 Nhg5 27. Bd5
h3 $5 $13 {Hvenekilde,J-Bekker,J,Copenhagen op 1995}) 19. Kh1 Ra7 20. Rab1 Rf7
21. f4 (21. h3 Qf6 22. f4 Nd7 $132) (21. b4 Qf6 $5 22. exf5 gxf5 23. f4 Nc4 $5
$36) 21... Ng4 22. Nxg4 fxg4 23. Bd3 Rfe7 24. a5 $6 (24. b4 $1 c4 25. Bc2 (25.
Bxc4 Bxc3 26. Qxc3 Rxe4 $14) 25... Rf7 26. e5 Bf5 27. e6 $16) 24... b5 25. e5
$5 (25. b4 $5 cxb4 26. Na2 {[%csl Gb4][%cal Ga2b4,Gb4c6]} Nf6 27. Bb6 Qd7 28.
Qxb4 g3 29. h3 Nh5 30. Rf1 Bh6 {[%csl Rf4]} 31. Be3 Rf8 $132) 25... Bf5 26. e6
$6 (26. Qc2 dxe5 27. Bxf5 gxf5 28. Bxc5 Rf7 29. fxe5 Rxe5 30. Rf1 f4 $132)
26... Qa8 $1 {[%csl Rd5]} 27. Rbd1 $2 (27. Bxf5 gxf5 28. Bf2 g3 $5 29. hxg3 Nf6
30. gxh4 b4 31. Na4 Qxd5 (31... Ne4 $140 $6 32. Rxe4 $16) 32. Qxd5 Nxd5 33.
Rbd1 Nxf4 34. Rxd6 Rxe6 35. Rdxe6 Rxe6 36. Nxc5 Rd6 $14) 27... b4 28. Bxf5 bxc3
29. bxc3 gxf5 $19 30. Qd3 h3 31. Re2 Nf6 32. c4 hxg2+ 33. Rxg2 Ne4 34. Re1 Bf6
35. Bg1 Rg7 36. Rxe4 fxe4 37. Qxe4 Qd8 38. Be3 Qxa5 39. f5 Qe1+ 0-1